| 000 | 01043nam a22003735b 4500 | ||
|---|---|---|---|
| 001 | 02856 | ||
| 003 | DO-SdBPM | ||
| 005 | 20250724125352.0 | ||
| 007 | ta | ||
| 008 | 930401s1994 sp | ||| ||spa | ||
| 017 |
_a _b |
||
| 020 | _a8434826976 | ||
| 035 | _a | ||
| 040 |
_aDO-SdBPM _bspa _cBPMSU _erda |
||
| 041 | 1 |
_aspa _h |
|
| 082 | 4 |
_a839.736 _2G868a 1994 _b22 |
|
| 100 | 1 |
_aGripe, Maria _d1923-2007 _eautor |
|
| 240 | 1 | 0 |
_aPappa pellerins dotter _lEspañol |
| 245 | 1 | 0 |
_a Aquellas blancas sombras en el bosque / _cMaría Gripe _h |
| 250 | _a5a ed. | ||
| 260 | _c | ||
| 264 |
_aMadrid : _bEdiciones SM, _c1994 |
||
| 300 |
_a299 págianas ; _c23 cm _b |
||
| 336 |
_atexto _btxt _2rdacontent |
||
| 337 |
_asin mediación _bn _2rdamedia |
||
| 338 |
_avolumen _bnc _2rdacarrier |
||
| 490 | 0 |
_aGran Angular _v _a _v |
|
| 586 | _a | ||
| 590 | _aInventariado, 2025/VM | ||
| 650 | 7 | _aNovela juvenil sueca | |
| 650 | 7 |
_aFantasía _vNovela juvenil |
|
| 910 | _aVMateo V. Control de calidad. BPMSU | ||
| 942 |
_2ddc _cBK |
||
| 999 |
_c15263 _d15263 |
||